[Event "Team Championship (men rapid)"]
[Site "Sochi"]
[Date "2017.10.03"]
[Round "5.21"]
[White "Goryachkina, Aleksandra"]
[Black "Kurbedinov, Ramis"]
[Result "1-0"]
[LiveChessVersion "1.4.8"]
[BlackElo "2244"]
[WhiteElo "2462"]

1. d4 {[%clk 0:15:18]} Nf6 {[%clk 0:15:20]} 2. c4 {[%clk 0:15:27]} e6
{[%clk 0:15:29]} 3. g3 {[%clk 0:15:35]} Bb4+ {[%clk 0:15:32]} 4. Nd2
{[%clk 0:15:38]} d5 {[%clk 0:15:35]} 5. Bg2 {[%clk 0:15:46]} O-O {[%clk 0:15:41]}
6. Ngf3 {[%clk 0:15:52]} dxc4 {[%clk 0:14:37]} 7. Qc2 {[%clk 0:15:48]} Nc6
{[%clk 0:13:32]} 8. Qxc4 {[%clk 0:15:49]} Bd6 {[%clk 0:11:39]} 9. O-O
{[%clk 0:15:29]} e5 {[%clk 0:11:47]} 10. dxe5 {[%clk 0:14:38]} Nxe5
{[%clk 0:11:54]} 11. Nxe5 {[%clk 0:14:44]} Bxe5 {[%clk 0:12:03]} 12. Nf3
{[%clk 0:14:34]} Bd6 {[%clk 0:11:56]} 13. e4 {[%clk 0:13:46]} Ng4
{[%clk 0:10:28]} 14. Rd1 {[%clk 0:12:14]} Qf6 {[%clk 0:09:01]} 15. h3
{[%clk 0:11:28]} Ne5 {[%clk 0:09:09]} 16. Nxe5 {[%clk 0:11:37]} Qxe5
{[%clk 0:08:43]} 17. Qb3 {[%clk 0:09:41]} Be6 {[%clk 0:07:00]} 18. Qxb7
{[%clk 0:09:05]} Qh5 {[%clk 0:07:02]} 19. Be3 {[%clk 0:08:08]} Rab8
{[%clk 0:06:06]} 20. Qxa7 {[%clk 0:08:01]} Rxb2 {[%clk 0:05:17]} 21. Qd4
{[%clk 0:05:30]} Rxa2 {[%clk 0:04:09]} 22. Rxa2 {[%clk 0:05:12]} Bxa2
{[%clk 0:04:17]} 23. g4 {[%clk 0:04:59]} Qb5 {[%clk 0:04:18]} 24. Bf1
{[%clk 0:04:36]} Qb8 {[%clk 0:03:14]} 25. e5 {[%clk 0:04:18]} Be7
{[%clk 0:03:21]} 26. Rc1 {[%clk 0:03:07]} c5 {[%clk 0:02:02]} 27. Qa1
{[%clk 0:02:52]} Be6 {[%clk 0:02:02]} 28. Bxc5 {[%clk 0:02:53]} Bxc5
{[%clk 0:02:10]} 29. Rxc5 {[%clk 0:03:01]} Rd8 {[%clk 0:02:02]} 30. Bg2
{[%clk 0:02:24]} h6 {[%clk 0:01:41]} 31. Ra5 {[%clk 0:02:27]} Qc7
{[%clk 0:01:18]} 32. Ra8 {[%clk 0:02:19]} g5 {[%clk 0:01:17]} 33. Rxd8+
{[%clk 0:01:39]} Qxd8 {[%clk 0:01:26]} 34. Qc3 {[%clk 0:01:32]} Qd1+
{[%clk 0:01:20]} 35. Kh2 {[%clk 0:01:42]} Qe2 {[%clk 0:01:22]} 36. Kg3
{[%clk 0:01:35]} Kg7 {[%clk 0:01:24]} 37. Bf3 {[%clk 0:01:26]} Qf1
{[%clk 0:01:21]} 38. Qd4 {[%clk 0:01:14]} Qg1+ {[%clk 0:01:18]} 39. Bg2
{[%clk 0:01:23]} Qe1 {[%clk 0:01:25]} 40. Kh2 {[%clk 0:01:11]} Qe2
{[%clk 0:01:28]} 41. Be4 {[%clk 0:01:12]} h5 {[%clk 0:00:56]} 42. Bf5
{[%clk 0:01:08]} hxg4 {[%clk 0:00:39]} 43. Bxe6 {[%clk 0:00:55]} fxe6
{[%clk 0:00:21]} 44. Qd7+ {[%clk 0:00:49]} Kf8 {[%clk 0:00:24]} 45. Qd8+
{[%clk 0:00:55]} Kf7 {[%clk 0:00:17]} 46. Qf6+ {[%clk 0:00:59]} Ke8
{[%clk 0:00:24]} 47. Qxe6+ {[%clk 0:01:04]} Kd8 {[%clk 0:00:33]} 48. Qf6+
{[%clk 0:01:06]} Kd7 {[%clk 0:00:16]} 49. Qf5+ {[%clk 0:01:08]} Ke8
{[%clk 0:00:14]} 50. hxg4 {[%clk 0:01:13]} Qd2 {[%clk 0:00:11]} 51. Qe6+
{[%clk 0:01:03]} Kd8 {[%clk 0:00:16]} 52. Qd6+ {[%clk 0:00:39]} Qxd6
{[%clk 0:00:25]} 53. exd6 Kd7 54. Kg3 {[%clk 0:00:52]} Kxd6 {[%clk 0:00:43]} 55.
f4 {[%clk 0:00:55]} Ke6 {[%clk 0:00:18]} 56. f5+ {[%clk 0:00:55]} Kf6
{[%clk 0:00:20]} 57. Kf3 {[%clk 0:01:02]} Ke5 {[%clk 0:00:29]} 58. Ke3
{[%clk 0:01:03]} Kd5 {[%clk 0:00:39]} 59. Kd3 {[%clk 0:01:06]} Kc5
{[%clk 0:00:41]} 60. Ke4 {[%clk 0:01:12]} Kd5+ 1-0

[Event "Team Championship (men rapid)"]
[Site "Sochi"]
[Date "2017.10.03"]
[Round "5.22"]
[White "Iljin, Timofey"]
[Black "Potapov, Pavel"]
[Result "0-1"]
[LiveChessVersion "1.4.8"]
[BlackElo "2539"]
[WhiteElo "2500"]

1. d4 {[%clk 0:15:19]} f5 {[%clk 0:15:19]} 2. c4 {[%clk 0:15:28]} Nf6
{[%clk 0:15:28]} 3. Nc3 {[%clk 0:15:37]} d6 {[%clk 0:15:37]} 4. Bg5
{[%clk 0:15:46]} Nbd7 {[%clk 0:15:46]} 5. Qc2 {[%clk 0:15:33]} g6
{[%clk 0:15:45]} 6. O-O-O {[%clk 0:14:41]} Bg7 {[%clk 0:15:42]} 7. h4
{[%clk 0:14:24]} O-O {[%clk 0:15:07]} 8. Nh3 {[%clk 0:13:50]} e5 {[%clk 0:13:57]}
9. dxe5 {[%clk 0:12:47]} Nxe5 {[%clk 0:13:46]} 10. h5 {[%clk 0:12:01]} Be6
{[%clk 0:12:37]} 11. hxg6 {[%clk 0:11:34]} hxg6 {[%clk 0:11:34]} 12. Nf4
{[%clk 0:09:03]} Qe8 {[%clk 0:10:13]} 13. e4 {[%clk 0:05:37]} Nxe4
{[%clk 0:08:26]} 14. Nxe4 {[%clk 0:05:40]} fxe4 {[%clk 0:08:33]} 15. Qxe4
{[%clk 0:05:07]} Bf5 {[%clk 0:08:36]} 16. Qd5+ {[%clk 0:04:35]} Qf7
{[%clk 0:08:42]} 17. Be2 {[%clk 0:04:12]} c6 {[%clk 0:08:20]} 18. Qxf7+
{[%clk 0:04:00]} Nxf7 {[%clk 0:08:29]} 19. g4 {[%clk 0:01:53]} Be4
{[%clk 0:07:44]} 20. Be7 {[%clk 0:02:02]} Rfe8 {[%clk 0:07:37]} 21. f3
{[%clk 0:01:42]} Rxe7 {[%clk 0:07:37]} 22. fxe4 {[%clk 0:01:50]} Rxe4
{[%clk 0:07:45]} 23. Rdf1 {[%clk 0:01:26]} g5 {[%clk 0:07:40]} 24. Nh3
{[%clk 0:00:12]} Rxe2 {[%clk 0:07:46]} 25. Rf2 {[%clk 0:00:20]} Rae8
{[%clk 0:07:49]} 26. Rhf1 {[%clk 0:00:29]} Bxb2+ 27. Kd1 Rxf2 {[%clk 0:07:51]}
28. Nxf2 {[%clk 0:00:47]} Bd4 {[%clk 0:07:56]} 29. Nd3 {[%clk 0:00:56]} Re4
{[%clk 0:07:57]} 30. Kd2 {[%clk 0:00:59]} Rxg4 {[%clk 0:08:01]} 31. Rb1
{[%clk 0:01:08]} Rg2+ {[%clk 0:08:05]} 32. Kd1 {[%clk 0:01:09]} Rg1+
{[%clk 0:08:11]} 33. Kc2 {[%clk 0:01:03]} Rxb1 {[%clk 0:08:19]} 34. Kxb1
{[%clk 0:01:12]} Ne5 {[%clk 0:08:25]} 35. Ne1 {[%clk 0:01:18]} g4
{[%clk 0:08:31]} 36. Kc2 {[%clk 0:01:27]} g3 {[%clk 0:08:38]} 37. Kd2
{[%clk 0:01:35]} Bf2 {[%clk 0:08:38]} 38. Ng2 {[%clk 0:01:44]} Nxc4+
{[%clk 0:08:45]} 39. Kd3 {[%clk 0:01:54]} b5 {[%clk 0:08:51]} 40. Ke4
{[%clk 0:02:02]} b4 {[%clk 0:08:57]} 41. Nf4 {[%clk 0:02:11]} a5 {[%clk 0:08:58]}
42. Kf3 {[%clk 0:02:20]} a4 {[%clk 0:09:04]} 43. Nh5 {[%clk 0:02:28]} Kf7
{[%clk 0:09:10]} 44. Nf4 {[%clk 0:02:37]} a3 {[%clk 0:09:09]} 45. Nh3
{[%clk 0:02:46]} Be3 {[%clk 0:09:12]} 46. Kxg3 {[%clk 0:02:53]} b3
{[%clk 0:09:17]} 47. axb3 {[%clk 0:03:02]} a2 {[%clk 0:09:26]} 48. bxc4
{[%clk 0:03:11]} a1=Q {[%clk 0:09:31]} 49. Kg2 {[%clk 0:03:19]} Qf6
{[%clk 0:09:22]} 50. Kg3 {[%clk 0:03:28]} Qf5 {[%clk 0:09:27]} 51. c5
{[%clk 0:03:35]} dxc5 {[%clk 0:09:20]} 52. Kh4 {[%clk 0:03:41]} Bf2+
{[%clk 0:09:25]} 53. Nxf2 {[%clk 0:03:47]} Qxf2+ {[%clk 0:09:33]} 54. Kg5
{[%clk 0:03:57]} Qf3 {[%clk 0:09:34]} 55. Kh4 {[%clk 0:04:06]} Qg2
{[%clk 0:09:41]} 56. Kh5 {[%clk 0:04:13]} Qg3 {[%clk 0:09:49]} 57. Kh6
{[%clk 0:04:23]} Qg6# {[%clk 0:09:58]} 0-1

[Event "Team Championship (men rapid)"]
[Site "Sochi"]
[Date "2017.10.03"]
[Round "5.23"]
[White "Belyakov, Bogdan"]
[Black "Papenin, Nikolai"]
[Result "1/2-1/2"]
[LiveChessVersion "1.4.8"]
[BlackElo "2353"]
[WhiteElo "2474"]

1. e4 {[%clk 0:15:19]} e5 {[%clk 0:15:18]} 2. Nf3 {[%clk 0:15:26]} Nc6
{[%clk 0:15:27]} 3. Nc3 {[%clk 0:15:34]} Nf6 {[%clk 0:15:34]} 4. Be2
{[%clk 0:15:41]} Be7 {[%clk 0:15:32]} 5. d4 {[%clk 0:14:39]} exd4
{[%clk 0:15:31]} 6. Nxd4 {[%clk 0:14:46]} O-O {[%clk 0:12:58]} 7. O-O
{[%clk 0:14:33]} d5 {[%clk 0:10:28]} 8. exd5 {[%clk 0:14:27]} Nxd5
{[%clk 0:10:23]} 9. Nxc6 {[%clk 0:14:27]} bxc6 {[%clk 0:10:32]} 10. Ne4
{[%clk 0:14:18]} f5 {[%clk 0:09:32]} 11. Ng3 {[%clk 0:13:14]} Bd6
{[%clk 0:06:00]} 12. Bf3 {[%clk 0:12:52]} Be6 {[%clk 0:05:30]} 13. Re1
{[%clk 0:12:41]} Qf6 {[%clk 0:04:40]} 14. c4 {[%clk 0:09:35]} Nb6
{[%clk 0:04:13]} 15. Nh5 {[%clk 0:09:27]} Qf7 {[%clk 0:04:14]} 16. b3
{[%clk 0:09:29]} Rad8 {[%clk 0:02:05]} 17. Qc2 {[%clk 0:09:22]} Bb4
{[%clk 0:01:26]} 18. Rd1 {[%clk 0:08:22]} Rxd1+ {[%clk 0:01:23]} 19. Qxd1
{[%clk 0:08:08]} Bc3 {[%clk 0:01:16]} 20. Rb1 {[%clk 0:05:37]} f4
{[%clk 0:01:25]} 21. Nxf4 {[%clk 0:03:58]} Bf5 {[%clk 0:01:33]} 22. Be3
{[%clk 0:03:32]} Bxb1 {[%clk 0:01:34]} 23. Qxb1 {[%clk 0:03:40]} Qf6
{[%clk 0:01:04]} 24. h3 {[%clk 0:03:01]} Nd7 {[%clk 0:01:11]} 25. Qe4
{[%clk 0:02:28]} Ne5 {[%clk 0:01:14]} 26. Be2 {[%clk 0:02:34]} Qf5
{[%clk 0:01:12]} 27. Qxf5 {[%clk 0:02:35]} Rxf5 {[%clk 0:01:21]} 28. Nd3
{[%clk 0:02:43]} Nxd3 {[%clk 0:01:22]} 29. Bxd3 {[%clk 0:02:51]} Ra5
{[%clk 0:01:09]} 30. a4 {[%clk 0:02:58]} c5 {[%clk 0:00:42]} 31. Be4
{[%clk 0:02:56]} Bd4 {[%clk 0:00:38]} 32. Bf4 {[%clk 0:02:24]} Ra6
{[%clk 0:00:47]} 33. Bxc7 {[%clk 0:02:23]} Rf6 {[%clk 0:00:54]} 34. Bf3
{[%clk 0:02:21]} Kf8 {[%clk 0:00:48]} 35. Kf1 {[%clk 0:02:19]} Ke7
{[%clk 0:00:53]} 36. Ke1 {[%clk 0:02:04]} Kd7 {[%clk 0:00:52]} 37. Bg3
{[%clk 0:02:09]} Rb6 {[%clk 0:00:54]} 38. Bd1 {[%clk 0:02:16]} Bc3+
{[%clk 0:00:34]} 39. Ke2 {[%clk 0:02:23]} a5 {[%clk 0:00:26]} 40. Kd3
{[%clk 0:02:31]} Be1 {[%clk 0:00:33]} 41. Kc2 {[%clk 0:02:12]} Rf6
{[%clk 0:00:25]} 42. Bf3 {[%clk 0:02:18]} g6 {[%clk 0:00:21]} 43. Kd1
{[%clk 0:02:26]} Bc3 {[%clk 0:00:26]} 44. Be4 {[%clk 0:02:17]} Re6
{[%clk 0:00:32]} 45. f3 {[%clk 0:02:23]} Be5 {[%clk 0:00:21]} 46. Be1
{[%clk 0:02:30]} Bc7 {[%clk 0:00:24]} 47. Bf2 {[%clk 0:02:36]} Bd6
{[%clk 0:00:28]} 48. Kc2 {[%clk 0:02:42]} Kc7 {[%clk 0:00:28]} 49. Kd3
{[%clk 0:02:44]} Kb6 {[%clk 0:00:25]} 50. Bd5 {[%clk 0:02:39]} Re7
{[%clk 0:00:32]} 51. Be3 {[%clk 0:02:41]} Bg3 {[%clk 0:00:29]} 52. f4
{[%clk 0:02:46]} Re8 {[%clk 0:00:33]} 53. Bd2 {[%clk 0:02:37]} Re7
{[%clk 0:00:24]} 54. Be4 {[%clk 0:02:17]} Rf7 {[%clk 0:00:28]} 55. Bd5
{[%clk 0:02:15]} Re7 {[%clk 0:00:21]} 56. Bg8 {[%clk 0:02:16]} Rg7
{[%clk 0:00:28]} 57. Be6 {[%clk 0:02:18]} Re7 {[%clk 0:00:35]} 58. f5
{[%clk 0:02:03]} gxf5 {[%clk 0:00:43]} 59. Bxf5 {[%clk 0:02:11]} h5
{[%clk 0:00:50]} 60. Bg5 {[%clk 0:02:08]} Rg7 {[%clk 0:00:27]} 61. h4
{[%clk 0:02:14]} Rf7 {[%clk 0:00:23]} 62. Bg6 {[%clk 0:02:07]} Rf2
{[%clk 0:00:28]} 63. Bxh5 {[%clk 0:02:15]} Rxg2 {[%clk 0:00:37]} 64. Be2
{[%clk 0:02:16]} Be5 {[%clk 0:00:32]} 65. Bd8+ {[%clk 0:02:05]} Bc7
{[%clk 0:00:26]} 66. Bf6 {[%clk 0:02:09]} Rf2 {[%clk 0:00:31]} 67. Be7
{[%clk 0:02:05]} Rh2 {[%clk 0:00:25]} 68. h5 {[%clk 0:02:10]} Bf4
{[%clk 0:00:28]} 69. Bd8+ {[%clk 0:02:16]} Bc7 {[%clk 0:00:29]} 70. Bg5
{[%clk 0:02:24]} Rg2 {[%clk 0:00:21]} 71. Be3 {[%clk 0:02:00]} Rg3
{[%clk 0:00:20]} 72. Ke4 {[%clk 0:02:08]} Rg8 {[%clk 0:00:18]} 73. h6
{[%clk 0:01:58]} Re8+ {[%clk 0:00:27]} 74. Kd3 {[%clk 0:02:05]} Rd8+
{[%clk 0:00:36]} 75. Kc2 {[%clk 0:02:11]} Re8 {[%clk 0:00:42]} 76. Kd2
{[%clk 0:02:18]} Be5 {[%clk 0:00:32]} 77. h7 {[%clk 0:02:24]} Bd4
{[%clk 0:00:24]} 78. Bg5 {[%clk 0:02:22]} Kc7 {[%clk 0:00:12]} 79. Bf4+
{[%clk 0:02:15]} Kd7 {[%clk 0:00:13]} 80. Bd3 {[%clk 0:01:58]} Ke7
{[%clk 0:00:15]} 81. Be4 {[%clk 0:01:55]} Rc8 {[%clk 0:00:13]} 82. Bd5
{[%clk 0:02:01]} Kf6 {[%clk 0:00:16]} 83. Bg8 {[%clk 0:02:07]} Kg7
{[%clk 0:00:26]} 84. Kd3 {[%clk 0:02:10]} Rf8 {[%clk 0:00:28]} 85. Ke4
{[%clk 0:02:03]} Rxf4+ {[%clk 0:00:34]} 86. Kxf4 {[%clk 0:02:11]} Bc3
{[%clk 0:00:43]} 87. Ke4 {[%clk 0:02:16]} Bb4 {[%clk 0:00:52]} 88. Kd5
{[%clk 0:02:21]} Kh8 1/2-1/2

[Event "Team Championship (men rapid)"]
[Site "Sochi"]
[Date "2017.10.03"]
[Round "5.24"]
[White "Derjabin, Ilja"]
[Black "Savitskiy, Sergey"]
[Result "0-1"]
[LiveChessVersion "1.4.8"]
[BlackElo "2380"]
[WhiteElo "2334"]

1. d4 {[%clk 0:15:19]} d5 {[%clk 0:15:08]} 2. c4 {[%clk 0:15:27]} e6
{[%clk 0:15:16]} 3. Nc3 {[%clk 0:15:35]} Nf6 {[%clk 0:15:25]} 4. cxd5
{[%clk 0:15:43]} exd5 {[%clk 0:15:34]} 5. Bg5 {[%clk 0:15:51]} Be7
{[%clk 0:15:35]} 6. e3 {[%clk 0:15:59]} O-O {[%clk 0:15:16]} 7. Bd3
{[%clk 0:16:08]} c6 {[%clk 0:15:18]} 8. Qc2 {[%clk 0:16:12]} h6 {[%clk 0:15:24]}
9. Bh4 {[%clk 0:16:21]} Re8 {[%clk 0:15:29]} 10. Nge2 {[%clk 0:16:28]} Nbd7
{[%clk 0:13:23]} 11. O-O {[%clk 0:16:28]} Ne4 {[%clk 0:13:08]} 12. Bxe7
{[%clk 0:16:31]} Qxe7 {[%clk 0:13:16]} 13. Bxe4 {[%clk 0:15:09]} dxe4
{[%clk 0:13:22]} 14. b4 {[%clk 0:15:07]} Qh4 {[%clk 0:09:28]} 15. Rfd1
{[%clk 0:04:34]} Nf6 {[%clk 0:09:27]} 16. Ng3 {[%clk 0:04:38]} Ng4
{[%clk 0:08:14]} 17. Nf1 {[%clk 0:04:44]} Be6 {[%clk 0:08:01]} 18. h3
{[%clk 0:04:00]} Nf6 {[%clk 0:08:06]} 19. Ng3 {[%clk 0:03:33]} Bxh3
{[%clk 0:06:50]} 20. gxh3 {[%clk 0:03:38]} Qxh3 {[%clk 0:06:58]} 21. Nce2
{[%clk 0:02:38]} Ng4 {[%clk 0:05:23]} 22. Nf1 {[%clk 0:02:46]} Rad8
{[%clk 0:04:56]} 23. b5 {[%clk 0:02:14]} Rd6 {[%clk 0:04:31]} 24. Nf4
{[%clk 0:02:18]} Qh4 {[%clk 0:04:36]} 25. Rd2 {[%clk 0:01:38]} Rf6
{[%clk 0:04:01]} 26. bxc6 {[%clk 0:01:35]} bxc6 {[%clk 0:04:10]} 27. Rb1
{[%clk 0:01:31]} Qg5 {[%clk 0:03:01]} 28. Ng2 Rg6 {[%clk 0:01:57]} 29. Ng3
{[%clk 0:01:26]} Nxf2 {[%clk 0:01:40]} 30. Rxf2 {[%clk 0:01:33]} Qxg3
{[%clk 0:01:48]} 31. Qb3 {[%clk 0:01:00]} Rf8 {[%clk 0:01:50]} 32. Qd1
{[%clk 0:00:19]} Qxe3 {[%clk 0:01:34]} 33. Rb3 {[%clk 0:00:29]} Qg5
{[%clk 0:01:35]} 34. Rh3 {[%clk 0:00:38]} f5 {[%clk 0:01:18]} 35. Rh5
{[%clk 0:00:38]} Qg3 {[%clk 0:01:03]} 36. Qb3+ {[%clk 0:00:47]} Qxb3 37. axb3 f4
{[%clk 0:00:58]} 38. Kf1 {[%clk 0:00:58]} Rgf6 {[%clk 0:00:55]} 39. Re5
{[%clk 0:00:54]} e3 {[%clk 0:00:59]} 40. Ra2 {[%clk 0:00:58]} R8f7
{[%clk 0:00:51]} 41. Ne1 g5 {[%clk 0:00:53]} 42. Re8+ {[%clk 0:00:57]} Kg7
{[%clk 0:00:50]} 43. Ra8 {[%clk 0:01:06]} g4 {[%clk 0:00:49]} 44. R8xa7
{[%clk 0:01:15]} f3 {[%clk 0:00:29]} 45. Nd3 {[%clk 0:01:21]} g3 {[%clk 0:00:26]}
46. Ne5 {[%clk 0:00:58]} e2+ {[%clk 0:00:20]} 0-1

[Event "Team Championship (men rapid)"]
[Site "Sochi"]
[Date "2017.10.03"]
[Round "5.25"]
[White "Kryakvin, Dmitry"]
[Black "Tekeyev, Zaur"]
[Result "1-0"]
[LiveChessVersion "1.4.8"]
[BlackElo "2362"]
[WhiteElo "2551"]

1. d4 {[%clk 0:15:19]} Nf6 {[%clk 0:15:18]} 2. c4 {[%clk 0:15:29]} g6
{[%clk 0:15:27]} 3. Nc3 {[%clk 0:15:38]} Bg7 {[%clk 0:15:36]} 4. e4
{[%clk 0:15:47]} O-O {[%clk 0:15:43]} 5. Be2 {[%clk 0:15:55]} d6 {[%clk 0:15:52]}
6. Bg5 {[%clk 0:16:04]} Na6 {[%clk 0:15:58]} 7. Qd2 {[%clk 0:16:08]} e5
{[%clk 0:16:04]} 8. d5 {[%clk 0:16:14]} Qe8 {[%clk 0:16:11]} 9. Bd1
{[%clk 0:16:10]} c6 {[%clk 0:16:15]} 10. Nge2 {[%clk 0:16:02]} cxd5
{[%clk 0:16:16]} 11. cxd5 {[%clk 0:15:53]} Ng4 {[%clk 0:16:16]} 12. Ba4
{[%clk 0:15:04]} Bd7 {[%clk 0:16:22]} 13. Bxd7 {[%clk 0:15:12]} Qxd7
{[%clk 0:16:30]} 14. h3 {[%clk 0:15:12]} f6 {[%clk 0:16:25]} 15. hxg4
{[%clk 0:15:01]} fxg5 {[%clk 0:16:33]} 16. f3 {[%clk 0:14:41]} Bf6
{[%clk 0:16:23]} 17. Nc1 {[%clk 0:14:07]} b5 {[%clk 0:15:02]} 18. Nd3
{[%clk 0:13:34]} Bd8 {[%clk 0:13:11]} 19. O-O-O {[%clk 0:13:07]} Ba5
{[%clk 0:07:08]} 20. Kb1 {[%clk 0:13:15]} Rfc8 {[%clk 0:07:14]} 21. Rc1
{[%clk 0:13:19]} Qd8 {[%clk 0:07:06]} 22. g3 {[%clk 0:12:35]} b4 {[%clk 0:06:19]}
23. Qh2 {[%clk 0:10:39]} Qe7 {[%clk 0:04:19]} 24. Ne2 {[%clk 0:10:23]} Rxc1+
{[%clk 0:03:21]} 25. Nexc1 {[%clk 0:10:01]} Rf8 {[%clk 0:02:44]} 26. Qe2
{[%clk 0:10:08]} Bb6 {[%clk 0:02:43]} 27. Nb3 {[%clk 0:09:57]} Qf6
{[%clk 0:02:13]} 28. Nd2 {[%clk 0:10:03]} Bd4 {[%clk 0:02:14]} 29. Rf1
{[%clk 0:09:41]} Nc5 {[%clk 0:01:29]} 30. Nxc5 {[%clk 0:09:28]} Bxc5
{[%clk 0:01:32]} 31. Nb3 {[%clk 0:08:39]} Bb6 {[%clk 0:01:26]} 32. Nc1
{[%clk 0:08:04]} Bd4 {[%clk 0:01:14]} 33. Nd3 {[%clk 0:07:49]} a5
{[%clk 0:01:17]} 34. f4 {[%clk 0:07:42]} gxf4 {[%clk 0:01:12]} 35. gxf4
{[%clk 0:07:51]} exf4 {[%clk 0:00:53]} 36. Rxf4 {[%clk 0:07:59]} Qh4
{[%clk 0:00:32]} 37. Rxf8+ {[%clk 0:07:53]} Kxf8 {[%clk 0:00:42]} 38. Kc2
{[%clk 0:07:51]} Ke7 {[%clk 0:00:19]} 39. e5 {[%clk 0:06:51]} dxe5
{[%clk 0:00:26]} 40. Nxe5 {[%clk 0:07:00]} Kd6 {[%clk 0:00:14]} 41. Nd3
{[%clk 0:03:48]} Qf6 {[%clk 0:00:13]} 42. Qh2+ {[%clk 0:03:21]} Kxd5
{[%clk 0:00:19]} 43. Qxh7 {[%clk 0:03:30]} Be3 {[%clk 0:00:12]} 44. Qb7+
{[%clk 0:02:57]} Kd4 {[%clk 0:00:15]} 45. Qb5 {[%clk 0:02:21]} Qe6
{[%clk 0:00:15]} 46. g5 {[%clk 0:00:20]} Qc8+ {[%clk 0:00:18]} 47. Kb3
{[%clk 0:00:15]} Ke4 {[%clk 0:00:15]} 48. Ne1 {[%clk 0:00:12]} Qe6+
{[%clk 0:00:18]} 49. Kc2 {[%clk 0:00:20]} Qxa2 {[%clk 0:00:16]} 50. Qd3+
{[%clk 0:00:26]} Kf4 {[%clk 0:00:17]} 51. Ng2+ {[%clk 0:00:35]} Kxg5
{[%clk 0:00:14]} 52. Qxe3+ {[%clk 0:00:45]} Kf6 {[%clk 0:00:17]} 53. Qd4+
{[%clk 0:00:46]} Kf7 {[%clk 0:00:21]} 54. Ne3 {[%clk 0:00:48]} Qa4+
{[%clk 0:00:24]} 55. Kd2 {[%clk 0:00:53]} Qa1 {[%clk 0:00:21]} 56. Qd5+
{[%clk 0:00:50]} Kg7 {[%clk 0:00:26]} 57. Qe5+ {[%clk 0:01:00]} Kg8
{[%clk 0:00:19]} 58. Ng4 {[%clk 0:01:00]} Qh1 {[%clk 0:00:15]} 59. Qe8+
{[%clk 0:00:55]} Kg7 {[%clk 0:00:20]} 60. Qe7+ {[%clk 0:01:04]} 1-0

[Event "Team Championship (men rapid)"]
[Site "Sochi"]
[Date "2017.10.03"]
[Round "5.26"]
[White "Nechaev, Oleg"]
[Black "Smagin, Sergey"]
[Result "0-1"]
[LiveChessVersion "1.4.8"]
[BlackElo "2493"]
[WhiteElo "2361"]

1. c4 {[%clk 0:15:16]} e6 {[%clk 0:15:19]} 2. d4 {[%clk 0:15:24]} d5
{[%clk 0:15:28]} 3. Nc3 {[%clk 0:15:32]} Nf6 {[%clk 0:15:38]} 4. cxd5
{[%clk 0:15:40]} exd5 {[%clk 0:15:47]} 5. Bg5 {[%clk 0:15:48]} c6
{[%clk 0:15:55]} 6. e3 {[%clk 0:15:48]} Be7 {[%clk 0:16:03]} 7. Qc2
{[%clk 0:15:54]} Nbd7 {[%clk 0:16:12]} 8. Bd3 {[%clk 0:15:59]} Nh5
{[%clk 0:16:21]} 9. Bxe7 {[%clk 0:16:04]} Qxe7 {[%clk 0:16:29]} 10. O-O-O
{[%clk 0:15:49]} Nb6 {[%clk 0:16:29]} 11. Kb1 {[%clk 0:15:29]} Nf6
{[%clk 0:16:22]} 12. Nge2 {[%clk 0:15:35]} Bg4 {[%clk 0:16:12]} 13. f3
{[%clk 0:15:38]} Be6 {[%clk 0:16:18]} 14. g4 {[%clk 0:15:20]} O-O-O
{[%clk 0:16:23]} 15. Ng3 {[%clk 0:15:14]} g6 {[%clk 0:16:26]} 16. Rhe1
{[%clk 0:14:54]} Kb8 {[%clk 0:16:29]} 17. Rc1 {[%clk 0:14:36]} Ne8
{[%clk 0:16:15]} 18. Na4 {[%clk 0:14:32]} Nxa4 {[%clk 0:16:09]} 19. Qxa4
{[%clk 0:14:40]} Nd6 {[%clk 0:16:18]} 20. Qb4 {[%clk 0:14:09]} Qd7
{[%clk 0:15:50]} 21. Rc3 {[%clk 0:14:03]} Rhe8 {[%clk 0:15:55]} 22. Rec1
{[%clk 0:14:01]} Rc8 {[%clk 0:15:52]} 23. Ne2 {[%clk 0:12:29]} f5
{[%clk 0:15:00]} 24. gxf5 {[%clk 0:10:22]} Bxf5 {[%clk 0:14:41]} 25. Bxf5
{[%clk 0:10:16]} Nxf5 {[%clk 0:14:12]} 26. Nf4 {[%clk 0:08:18]} Rxe3
{[%clk 0:11:11]} 27. Nd3 {[%clk 0:08:26]} Qe7 {[%clk 0:11:04]} 28. Qa4
{[%clk 0:05:35]} Nd6 {[%clk 0:11:03]} 29. Ne5 {[%clk 0:05:21]} Rxc3
{[%clk 0:10:49]} 30. bxc3 {[%clk 0:04:54]} Qe6 {[%clk 0:09:17]} 31. Ka1
{[%clk 0:04:59]} Nc4 {[%clk 0:09:20]} 32. Nxc4 {[%clk 0:04:41]} dxc4
{[%clk 0:09:29]} 33. Rb1 {[%clk 0:04:27]} Rc7 {[%clk 0:08:32]} 34. Qc2
{[%clk 0:02:44]} Qe3 {[%clk 0:08:26]} 35. Qb2 {[%clk 0:01:47]} Qxf3
{[%clk 0:08:10]} 36. Qb4 {[%clk 0:01:56]} Qd5 {[%clk 0:04:25]} 37. Qf8+
{[%clk 0:01:44]} Rc8 {[%clk 0:04:34]} 38. Qe7 {[%clk 0:01:45]} b6
{[%clk 0:04:17]} 39. Rf1 {[%clk 0:00:53]} Rc7 {[%clk 0:04:05]} 40. Qf8+
{[%clk 0:00:32]} Kb7 {[%clk 0:04:12]} 41. Re1 {[%clk 0:00:41]} Qf7
{[%clk 0:03:54]} 42. Qb4 {[%clk 0:00:30]} Qf2 {[%clk 0:03:43]} 43. Rb1
{[%clk 0:00:21]} Qe2 {[%clk 0:02:41]} 44. a4 {[%clk 0:00:14]} Rf7
{[%clk 0:02:27]} 45. a5 {[%clk 0:00:13]} Rf2 {[%clk 0:01:47]} 46. Qa4
{[%clk 0:00:17]} Rf5 {[%clk 0:01:22]} 47. axb6 {[%clk 0:00:12]} axb6
{[%clk 0:01:22]} 48. Rb2 {[%clk 0:00:13]} Qe1+ {[%clk 0:01:01]} 49. Ka2
{[%clk 0:00:20]} Qxc3 {[%clk 0:01:04]} 50. d5 {[%clk 0:00:28]} Rxd5
{[%clk 0:00:59]} 51. Rc2 {[%clk 0:00:32]} Ra5 {[%clk 0:00:53]} 52. Rxc3
{[%clk 0:00:40]} Rxa4+ 53. Kb2 {[%clk 0:00:56]} Ra5 {[%clk 0:00:58]} 0-1